History of Timothy Tugg Mutton : a novellette /

Bibliographic Details
Main Author: Logan, Thomas B.
Corporate Authors: Indiana University. Digital Library Program, Committee on Institutional Cooperation
Format: eBook
Language:English
Published: St. Louis, Missori : M. Niedner, 1852.
Edition:Stereotype ed.
Series:Wright American fiction, 1851-1875.
Online Access:http://purl.dlib.indiana.edu/iudl/wright2/wright2-1578A

MARC

Tag First Indicator Second Indicator Subfields
LEADER 00000cam a22000007a 4500
001 in00001723421
005 20151024181533.0
006 m d
007 cr bn 001mabbp
008 760601s1852 mou s 000 1 eng d
035 |a (InU)Wright2-1578A 
040 |a InU  |c InU  |d UtOrBLW 
090 |a PS15 
090 |a PZ1  |b .A34 v.2, no.1578A 
100 1 |a Logan, Thomas B. 
245 1 0 |a History of Timothy Tugg Mutton :  |b a novellette /  |c by Tho's. B. Logan... 
250 |a Stereotype ed. 
264 1 |a St. Louis, Missori :  |b M. Niedner,  |c 1852. 
300 |a 108 pages 
336 |a text  |b txt  |2 rdacontent 
337 |a computer  |b c  |2 rdamedia 
338 |a online resource  |b cr  |2 rdacarrier 
510 4 |a Wright, L. H. Amer. fiction, 1851-1875,  |c 1578A  
510 4 |a Amer. fiction, 1774-1910 (microfilm, 1970-1978 ed.),  |c v. 2 (1851-1875), reel L-11, no. 1578A 
530 |a Issued also in print and on microfilm. 
533 |a Electronic reproduction.  |b [Bloomington, Ind.] :  |c Indiana University Digital Library Program for the Committee on Institutional Cooperation,   |d [2001 or 2002.]  |f (Wright American fiction, 1851-1875).  |n Digitized image of the microfilm version produced in Woodbridge, CT by Research Publications (later called Primary Source Microfilm).  |n Mode of access: Internet. 
500 |a Electronic resource. 
710 2 |a Indiana University.  |b Digital Library Program. 
710 2 |a Committee on Institutional Cooperation. 
776 1 |c Microfilm  |w (OCoLC)02204237 
830 0 |a Wright American fiction, 1851-1875. 
856 4 0 |u http://purl.dlib.indiana.edu/iudl/wright2/wright2-1578A  |t 0 
999 |a MARS 
999 f f |s 9dc023af-ad5f-30af-91b0-f0694e666dee  |i 7a410faf-7384-3e7d-a30b-3758ed1a4d11  |t 0 
952 f f |a Texas A&M University  |b College Station  |c Electronic Resources  |d Available Online  |t 0  |e PZ1 .A34 v.2, no.1578A  |h Library of Congress classification 
998 f f |a PZ1 .A34 v.2, no.1578A  |t 0  |l Available Online